000 00436cam a2200169ua 4500
020 _c1250.00
041 _aeng
_h
082 _a631.586
_bRED/DR
100 _aReddy, Jeevananda S .
245 _aDry-land agriculture in India /
_cS.Jeevananda Reddy.
_hTextual Documents
260 _a :
_bB S P Professional books ,
_c2002.
300 _a430 ; .
365 _a1250.00
504 _a
942 _cBK
999 _c13185
_d13185